Responses for Show #4187 - Tuesday, November 12, 2002

2002 College Championship quarterfinal game 2.
From the Schottenstein Center at the Ohio State University in Columbus.

Contestants

[<< previous game]

Sarah Martin-Anderson, a senior at California State University-Bakersfield from Bakersfield, California

Stacy Lee, a senior at Smith College from Bellerose, New York

Brian Andrews, a junior at DePaul University from Crown Point, Indiana

[next game >>]

Jeopardy! Round responses

COSMETOLOGY
THE CIVIL WAR
POPULAR MUSIC
NOVEMBER 2001
ANAGRAMS
A CATEGORY FULL OF HOLES
    $200 2
wax

Sarah
    $200 1
Ulysses S. Grant

Sarah
    $200 12
Lil'

Sarah
    $200 8
cloning

Sarah
    $200 15
chin/inch

Stacy
    $200 19
"Alice in Wonderland"

Stacy
    $400 3
comb

Brian
    $400 4
(Sarah: Who is Frederick Douglass?)

Harriet Tubman

BrianSarah
    $400 13
Sheryl Crow

Brian
    $400 27
London

Stacy
    $400 16
gray/Gary

Sarah
    $400 20
golf

Sarah
    $600 9
(Brian: What is English?)
(Sarah: What is French?)
(Stacy: What is Spanish?)

Vietnamese

BrianStacySarah
Triple Stumper
    $600 5
Kansas

Triple Stumper
    $600 14
Ozzy Osbourne

Triple Stumper
    $600 28
World Trade Organization

Stacy
    $2,000 24
(Sarah: What is... um...)

vowels/wolves

Sarah
    $600 21
Swiss cheese

Brian
    $800 10
Brown

Sarah
    $800 6
Maine

Brian
    $800 17
Dave Matthews Band

Triple Stumper
    $800 29
(Brian: What is Athens?)

Salt Lake City (home of the Winter Olympics)

BrianStacy
    $800 25
diapers/praised

Sarah
    $800 22
(Brian: What is the Earth's core?)
....
(Alex: Be more specific.)
....
(Brian: The Earth's inner core?)
....
(Alex: Be more specific.)
....
(Brian: The Earth's central inner...)
....
(Alex: That's enough; we were going for central!)

center of the Earth

Brian
    $1000 11
epidermabrasion

Sarah
    $1000 7
Alexander Stephens

Triple Stumper
    $1000 18
Nelly

Sarah
    $1000 30
Michael Bloomberg

Stacy
    $1000 26
Kyoto/Tokyo

Brian
    $1000 23
ozone layer

Sarah

Scores at the first commercial break (after clue 16):

Brian Stacy Sarah
$1,400 -$400 $2,000

Scores at the end of the Jeopardy! Round:

Brian Stacy Sarah
$3,000 $2,600 $3,200

Double Jeopardy! Round responses

COSMOLOGY
WHEN THEY WERE IN COLLEGE
POP CULTURE
AMERICAN LIT
GRAB BAG
FOOD IN FRENCH
    $400 30
galaxies

Brian
    $400 12
Ron Howard

Brian
    $400 1
Saturday Night Live

Stacy
    $400 3
"Uncle Tom's Cabin"

Brian
    $400 17
Mediterranean

Sarah
    $400 6
cabbage

Brian
    $800 29
hydrogen

Brian
    $800 22
(Sarah: What is Harvard?)
(Brian: What is Oxford?)

Yale

BrianSarah
Triple Stumper
    $800 2
(Stacy: What is Dove?)

Ivory soap

StacySarah
    $800 4
"The Jungle"

Brian
    $800 18
aerie

Brian
    $800 7
(Brian: What are steak frites?)
....
(Alex: That implies that there's a steak with them also.)
....
(Alex: [before clue 13] Brian, our judges have ruled your response acceptable.)

pommes frites

BrianSarah
    $1200 28
Einstein's Theory of Relativity

Triple Stumper
    $1,800 23
(Stacy: Who is Yeltsin?)

Vladimir Putin

Stacy
    $1200 10
foosball

Brian
    $1200 5
"Twice-Told Tales"

Triple Stumper
    $1200 19
Andrew

Triple Stumper
    $3,000 13
(Brian: Oh my god, what is....[time]?)

prune

Brian
    $1600 27
supernovas

Stacy
    $1600 24
(Sarah: Who is Dylan Thomas?)
....
(Alex: Less than a minute now.)

Prince Charles

BrianSarah
    $1600 11
Esquire

Triple Stumper
    $1600 8
Edith Wharton

Triple Stumper
    $1600 20
Anna Kournikova

Sarah
    $1600 14
jambon

Brian
    $2000 26
neutrino

Brian
    $2000 25
Kurt Vonnegut

Stacy
    $2000 16
Adidas

Stacy
    $2000 9
John Greenleaf Whittier

Triple Stumper
    $2000 21
adrenaline

Stacy
    $2000 15
peanut butter

Sarah

Scores at the end of the Double Jeopardy! Round:

Brian Stacy Sarah
$10,400 $8,000 $6,400

Final Jeopardy! Round responses

AMERICAN LEGAL HISTORY
SarahWhat is Halloween?
$6,400
StacyWhat is October 31?
$4,801
Brian[What is Independence Day?] What is Women's
$3,500
Halloween (October 31)

Final scores:

Brian Stacy Sarah
$6,900 $12,801 $12,800
3rd place: $2,500 if eliminated Automatic semifinalist 2nd place: $2,500 if eliminated

Game dynamics:

Coryat scores:

Brian Stacy Sarah
$13,400 $9,800 $8,400
19 R,
4 W
(including 1 DD)
11 R,
3 W
(including 1 DD)
16 R,
5 W
(including 1 DD)

Combined Coryat: $31,600

[game clues] [game scores] [suggest correction]

Game tape date: 2002-10-05
The J! Archive is created by fans, for fans. Scraping, republication, monetization, and malicious use prohibited; this site may use cookies and collect identifying information. See terms. The Jeopardy! game show and all elements thereof, including but not limited to copyright and trademark thereto, are the property of Jeopardy Productions, Inc. and are protected under law. This website is not affiliated with, sponsored by, or operated by Jeopardy Productions, Inc. Join the discussion at JBoard.tv.